2025年 アニメ映画興行収入10億円over -サドンデス- - Statistics

General Stats
  • This quiz has been taken 15 times
  • The average score is 6 of 11
Answers on the Grid
Answers color-coded by a green-red scale on the quiz's grid according to % correct below.
劇場版「鬼滅の刃」無限城編 第一章 猗窩座再来
名探偵コナン 隻眼の残像
劇場版 チェンソーマン レゼ篇
映画ドラえもん のび太の絵世界物語
機動戦士Gundam GQuuuuuuX -Beginning-
ヒプノシスマイク -Division Rap Battle-
映画クレヨンしんちゃん 超華麗!灼熱のカスカベダンサーズ
劇場版 うたの☆プリンスさまっ♪ TABOO NIGHT XXXX
劇場版プロジェクトセカイ 壊れたセカイと歌えないミク
映画キミとアイドルプリキュア♪ お待たせ!キミに届けるキラッキライブ!
KING OF PRISM-Your Endless Call- み~んなきらめけ!プリズム☆ツアーズ
劇場版総集編 呪術廻戦 懐玉・玉折
星つなぎのエリオ
野生の島のロズ
たべっ子どうぶつ THE MOVIE
それいけ!アンパンマン チャポンのヒーロー!
ひゃくえむ。
小林さんちのメイドラゴン さみしがりやの竜
ベルサイユのばら
遠井さんは青春したい!「バカとスマホとロマンスと」
劇場版『鬼滅の刃』無限列車編 リバイバル上映
劇場版 僕とロボコ
 
Answer Stats
Answer % Correct
劇場版「鬼滅の刃」無限城編 第一章 猗窩座再来
100%
名探偵コナン 隻眼の残像
92%
劇場版 チェンソーマン レゼ篇
85%
映画ドラえもん のび太の絵世界物語
69%
映画クレヨンしんちゃん 超華麗!灼熱のカスカベダンサーズ
54%
機動戦士Gundam GQuuuuuuX -Beginning-
46%
ヒプノシスマイク -Division Rap Battle-
38%
劇場版プロジェクトセカイ 壊れたセカイと歌えないミク
23%
映画キミとアイドルプリキュア♪ お待たせ!キミに届けるキラッキライブ!
23%
劇場版 うたの☆プリンスさまっ♪ TABOO NIGHT XXXX
15%
KING OF PRISM-Your Endless Call- み~んなきらめけ!プリズム☆ツアーズ
8%
No matching quizzes found
Score Distribution
Percent of People with Each Score
Percentile by Number Answered
Your Score History
You have not taken this quiz